[Event "ODJM B 2018"]
[Site "Willingen GER"]
[Date "2018.05.23"]
[Round "5"]
[White "Strack, Patrick"]
[Black "Seinsoth, Paul"]
[Result "1/2-1/2"]
[Termination "normal"]
[Board "17"]
[WhiteElo "1742"]
[BlackElo "1482"]
[PlyCount "60"]
[WhiteFideId "16266021"]
[BlackFideId "12994634"]
[EventCountry "GER"]
[EventRounds "9"]
[EventType "swiss"]
[EventDate "2018.05.19"]

1. e4 c5 2. Nf3 Nc6 3. d4 cxd4 4. Nxd4 Nf6 5. Nc3 d6 6. Bc4 e6 7. O-O Be7 8.
Be3 O-O 9. Qe2 a6 10. a4 Qc7 11. f4 Bd7 12. Nb3 Na5 13. Nxa5 Qxa5 14. Rfd1 Rac8
15. Bb3 Rxc3 16. bxc3 Nxe4 17. Bd2 Nxc3 18. Bxc3 Qxc3 19. Rab1 Qc7 20. Rd3 Rc8
21. Rg3 Bf6 22. Rd1 d5 23. f5 Qb6+ 24. Kh1 Re8 25. fxe6 fxe6 26. Rf1 Qd4 27. c3
Qe5 28. Re3 Qd6 29. Rg3 Qe5 30. Re3 Qd6 1/2-1/2

[Event "ODJM B 2018"]
[Site "Willingen GER"]
[Date "2018.05.23"]
[Round "5"]
[White "Reyher, Susan"]
[Black "Schmidt, Arne"]
[Result "0-1"]
[Termination "normal"]
[Board "18"]
[WhiteElo "1759"]
[BlackElo "1727"]
[PlyCount "76"]
[WhiteFideId "24686107"]
[BlackFideId "16263154"]
[EventCountry "GER"]
[EventRounds "9"]
[EventType "swiss"]
[EventDate "2018.05.19"]

1. e4 c5 2. Nf3 Nc6 3. Nc3 g6 4. d4 cxd4 5. Nxd4 Bg7 6. Be3 d6 7. Bc4 Nf6 8.
Bb3 O-O 9. f3 a6 10. Qd2 Qc7 11. O-O-O Na5 12. h4 h5 13. Rdg1 Nc4 14. Bxc4 Qxc4
15. g4 hxg4 16. h5 gxh5 17. Bh6 Bxh6 18. Qxh6 Qxd4 19. Qg5+ Kh7 20. Rxh5+ Nxh5
21. Rh1 Qg7 22. Rxh5+ Kg8 23. Qxe7 f6 24. Qxd6 g3 25. Ne2 g2 26. Qh2 Re8 27.
Rd5 Be6 28. Rd1 Kf7 29. Rg1 Rg8 30. Qc7+ Ke8 31. Qb6 Bc4 32. Nf4 Qg5 33. Qc7
Rg7 34. Qxc4 Qxf4+ 35. Kb1 Qd6 36. Qe2 Rd8 37. f4 Qd4 38. Qe1 Qd1+ 0-1

[Event "ODJM B 2018"]
[Site "Willingen GER"]
[Date "2018.05.23"]
[Round "5"]
[White "Schneider, Edward"]
[Black "Leßmann, Sönke"]
[Result "0-1"]
[Termination "normal"]
[Board "19"]
[WhiteElo "1768"]
[BlackElo "1656"]
[PlyCount "74"]
[WhiteFideId "16200870"]
[BlackFideId "16222520"]
[EventCountry "GER"]
[EventRounds "9"]
[EventType "swiss"]
[EventDate "2018.05.19"]

1. e4 e5 2. Nf3 d6 3. d4 Nd7 4. Bc4 Be7 5. dxe5 dxe5 6. Ng5 Bxg5 7. Qh5 g6 8.
Qxg5 Qxg5 9. Bxg5 h6 10. Be3 Ngf6 11. Nc3 c6 12. a4 Ng4 13. Bd2 Nc5 14. f3 Nf6
15. O-O Be6 16. Bxe6 Nxe6 17. Ne2 O-O-O 18. Rfd1 Rd7 19. Bc3 Rxd1+ 20. Rxd1 Nd7
21. f4 Nec5 22. fxe5 Re8 23. Rf1 Nxe4 24. Rxf7 Nxc3 25. Nxc3 Nxe5 26. Rf4 Kd7
27. Kf2 Ke6 28. h3 g5 29. Rd4 b6 30. Re4 Rd8 31. Ke3 Kf6 32. Ke2 Ng6 33. g3 Ne7
34. Nd1 Nf5 35. Rg4 h5 36. Rb4 c5 37. Rc4 Rxd1 0-1

[Event "ODJM B 2018"]
[Site "Willingen GER"]
[Date "2018.05.23"]
[Round "5"]
[White "Hoppe, Nico"]
[Black "Kublanov, Carolin"]
[Result "0-1"]
[Termination "normal"]
[Board "21"]
[WhiteElo "1612"]
[BlackElo "1750"]
[PlyCount "86"]
[WhiteFideId "16225520"]
[BlackFideId "12944548"]
[EventCountry "GER"]
[EventRounds "9"]
[EventType "swiss"]
[EventDate "2018.05.19"]

1. d4 d5 2. Nf3 Nf6 3. e3 e6 4. Bd3 Bd6 5. O-O b6 6. b3 O-O 7. Bb2 Ne4 8. Nbd2
Bb7 9. c4 Nd7 10. Ne5 f6 11. Nxd7 Qxd7 12. f3 Ng5 13. f4 Ne4 14. Qc2 f5 15.
cxd5 exd5 16. Nf3 Rf6 17. Ne5 Qe8 18. Qe2 Rh6 19. Rac1 Qe7 20. Bxe4 dxe4 21.
Rc2 a5 22. Rfc1 Ba6 23. Qd2 Qe8 24. Nc4 Bxc4 25. Rxc4 Qh5 26. g3 Re8 27. R1c2
Ree6 28. Qe2 Qe8 29. Rc6 Rhg6 30. Kg2 Rg4 31. a4 h5 32. Qa6 Kh7 33. Rc1 Rh6 34.
R6c2 Qg6 35. Qe2 h4 36. Qf2 hxg3 37. hxg3 Rgh4 38. Rg1 Rh2+ 39. Kf1 Rxf2+ 40.
Kxf2 Qg4 41. Ke1 Bb4+ 42. Bc3 Bxc3+ 43. Rxc3 Rh2 0-1

[Event "ODJM B 2018"]
[Site "Willingen GER"]
[Date "2018.05.23"]
[Round "5"]
[White "Rösch, Felix"]
[Black "Zha, Kevin"]
[Result "0-1"]
[Termination "normal"]
[Board "23"]
[WhiteElo "1487"]
[BlackElo "1596"]
[PlyCount "48"]
[WhiteFideId "12972363"]
[BlackFideId "16208951"]
[EventCountry "GER"]
[EventRounds "9"]
[EventType "swiss"]
[EventDate "2018.05.19"]

1. e4 g6 2. d4 Bg7 3. Nf3 d6 4. Nc3 Nf6 5. Be3 O-O 6. Qd2 c6 7. O-O-O Nbd7 8.
Bh6 Qc7 9. Bxg7 Kxg7 10. h4 b5 11. Bd3 e5 12. Rdg1 Re8 13. d5 b4 14. Nd1 cxd5
15. Qxb4 a5 16. Qe1 Nc5 17. Kb1 dxe4 18. Bb5 exf3 19. Bxe8 fxg2 20. Rh2 Nxe8
21. Rhxg2 Nf6 22. Qe2 Ne6 23. h5 Nf4 24. Qf3 Bb7 0-1

[Event "ODJM B 2018"]
[Site "Willingen GER"]
[Date "2018.05.23"]
[Round "5"]
[White "Bilecen, Simon"]
[Black "Rautenberg, Jakob"]
[Result "1-0"]
[Termination "normal"]
[Board "24"]
[WhiteElo "1580"]
[BlackElo "1519"]
[PlyCount "85"]
[WhiteFideId "16225511"]
[BlackFideId "16214749"]
[EventCountry "GER"]
[EventRounds "9"]
[EventType "swiss"]
[EventDate "2018.05.19"]

1. d4 d5 2. Nf3 Nf6 3. Bf4 e6 4. e3 Be7 5. Bd3 O-O 6. h3 Nbd7 7. Nbd2 b6 8. O-O
Bb7 9. c3 Rc8 10. Re1 c5 11. e4 dxe4 12. Nxe4 Nxe4 13. Bxe4 Bxe4 14. Rxe4 Nf6
15. Re1 Nd5 16. Bg3 cxd4 17. Nxd4 Bc5 18. Qa4 Qe7 19. Rad1 a5 20. Nb3 Rfd8 21.
Bh4 Nf6 22. Nd4 Bxd4 23. Rxd4 Rxd4 24. Qxd4 Qd8 25. Bxf6 gxf6 26. Qg4+ Kh8 27.
Rd1 Qe7 28. Qd4 Rb8 29. Rd3 e5 30. Qg4 Rg8 31. Rd7 Qe8 32. Qf5 Rg6 33. Qd3 Qe6
34. Qd5 Qxh3 35. Rxf7 Qf5 36. Qd8+ Rg8 37. Qxf6+ Qxf6 38. Rxf6 Rg6 39. Rxg6
hxg6 40. Kf1 Kg7 41. Ke2 Kf6 42. Kd3 b5 43. a4 1-0

[Event "ODJM B 2018"]
[Site "Willingen GER"]
[Date "2018.05.23"]
[Round "5"]
[White "Limberg, Thomas"]
[Black "Schmidt, Pauline"]
[Result "1-0"]
[Termination "normal"]
[Board "25"]
[WhiteElo "1647"]
[BlackElo "1311"]
[PlyCount "45"]
[WhiteFideId "16226755"]
[BlackFideId "16209850"]
[EventCountry "GER"]
[EventRounds "9"]
[EventType "swiss"]
[EventDate "2018.05.19"]

1. b3 e5 2. Bb2 f6 3. e3 d5 4. Nf3 Nc6 5. Be2 Bd6 6. d3 Nge7 7. O-O O-O 8. c4
b6 9. Nc3 d4 10. exd4 exd4 11. Nb5 Nf5 12. Nxd6 Qxd6 13. Nd2 Bb7 14. Ne4 Qe6
15. Bf3 Rab8 16. Nc5 Qd6 17. Nxb7 Rxb7 18. Re1 Nfe7 19. Qe2 Rf7 20. Qe6 Qc5 21.
Bd5 Nd8 22. Qd7 Rb8 23. Qe8# 1-0

[Event "ODJM B 2018"]
[Site "Willingen GER"]
[Date "2018.05.23"]
[Round "5"]
[White "Huppert, Anna"]
[Black "Alferova, Ekaterina"]
[Result "1/2-1/2"]
[Termination "normal"]
[Board "26"]
[WhiteElo "1371"]
[BlackElo "1600"]
[PlyCount "61"]
[WhiteFideId "16214439"]
[BlackFideId "16217250"]
[EventCountry "GER"]
[EventRounds "9"]
[EventType "swiss"]
[EventDate "2018.05.19"]

1. e4 c6 2. d4 d5 3. exd5 cxd5 4. Bd3 Nf6 5. c3 Nc6 6. Bf4 e6 7. Nf3 Bd6 8.
Bxd6 Qxd6 9. O-O O-O 10. Qe2 Bd7 11. Ne5 Rac8 12. Nd2 Qc7 13. f4 Ne7 14. Ndf3
a6 15. Rac1 Qd8 16. Ng5 h6 17. Nh3 Nc6 18. Nf2 Na7 19. Bb1 Bb5 20. Nfd3 Nc6 21.
Ng4 Ne4 22. Bc2 Na5 23. Rf3 f5 24. Ngf2 Rf6 25. Rh3 Qd6 26. Qe3 Nc4 27. Qe1
Ncd2 28. Nxe4 Nxe4 29. Ne5 Qd8 30. Qh4 Nd2 31. Rg3 1/2-1/2

[Event "ODJM B 2018"]
[Site "Willingen GER"]
[Date "2018.05.23"]
[Round "5"]
[White "Zieringer, Sebastian"]
[Black "Schulze, Lukas"]
[Result "1-0"]
[Termination "normal"]
[Board "27"]
[WhiteElo "1751"]
[BlackElo "1502"]
[PlyCount "67"]
[WhiteFideId "16222008"]
[BlackFideId "12956856"]
[EventCountry "GER"]
[EventRounds "9"]
[EventType "swiss"]
[EventDate "2018.05.19"]

1. e4 c5 2. d4 cxd4 3. c3 Nf6 4. e5 Nd5 5. Nf3 Nc6 6. Bc4 Nb6 7. Bb3 d5 8. exd6
Qxd6 9. O-O Be6 10. Na3 dxc3 11. Nb5 Qxd1 12. Rxd1 Rc8 13. Bxe6 fxe6 14. bxc3
a6 15. Nbd4 Nxd4 16. Nxd4 Rxc3 17. Bb2 Rc8 18. Nxe6 Rg8 19. Rac1 Rxc1 20. Rxc1
Kf7 21. Nd8+ Ke8 22. Nxb7 e6 23. Rc6 Na4 24. Bd4 Bb4 25. a3 Bd2 26. Rc8+ Kf7
27. Nd6+ Ke7 28. Rxg8 Kxd6 29. Rxg7 Kd5 30. Rxh7 Kxd4 31. Rh4+ Kc3 32. Rxa4 Kb3
33. Rxa6 e5 34. Kf1 1-0

[Event "ODJM B 2018"]
[Site "Willingen GER"]
[Date "2018.05.23"]
[Round "5"]
[White "Jenner, Meikel"]
[Black "Svane, Freja"]
[Result "1-0"]
[Termination "normal"]
[Board "28"]
[WhiteElo "1679"]
[BlackElo "1622"]
[PlyCount "71"]
[WhiteFideId "16245342"]
[BlackFideId "12940100"]
[EventCountry "GER"]
[EventRounds "9"]
[EventType "swiss"]
[EventDate "2018.05.19"]

1. e4 e6 2. d4 d5 3. Nd2 dxe4 4. Nxe4 Bd7 5. Nf3 Bc6 6. Bd3 Nd7 7. O-O Ngf6 8.
Nxf6+ Nxf6 9. c3 Be7 10. Ne5 Bd5 11. Qc2 b6 12. Bb5+ Kf8 13. Bg5 Kg8 14. Rae1
h6 15. Bh4 Qd6 16. Bg3 Qd8 17. Bd3 Nh5 18. Qe2 Nxg3 19. fxg3 Bf6 20. Qh5 Qe7
21. Rxf6 gxf6 22. Ng4 Kg7 23. Qxd5 Qd6 24. Qf3 f5 25. Ne3 Qd8 26. Nc4 Qg5 27.
Ne5 h5 28. Qc6 Qd8 29. Nxf7 Kxf7 30. Qxe6+ Kf8 31. Qxf5+ Kg7 32. Qg6+ Kf8 33.
Rf1+ Ke7 34. Rf7+ Ke8 35. Rxc7+ Kf8 36. Qf7# 1-0

[Event "ODJM B 2018"]
[Site "Willingen GER"]
[Date "2018.05.23"]
[Round "5"]
[White "Johlke, Lukas"]
[Black "Garbuz, Nicole"]
[Result "1/2-1/2"]
[Termination "normal"]
[Board "29"]
[WhiteElo "1529"]
[BlackElo "1679"]
[PlyCount "63"]
[WhiteFideId "16252861"]
[BlackFideId "12990701"]
[EventCountry "GER"]
[EventRounds "9"]
[EventType "swiss"]
[EventDate "2018.05.19"]

1. e4 e5 2. Nf3 Nc6 3. Bb5 a6 4. Ba4 Nge7 5. Nc3 g6 6. d3 Bg7 7. Bb3 O-O 8. O-O
Na5 9. Bg5 Nxb3 10. cxb3 h6 11. Bd2 d6 12. h3 Be6 13. Rb1 b5 14. b4 c6 15. Re1
Qc7 16. Qc1 Kh7 17. Nh2 g5 18. g4 Ng6 19. Nf1 Nh4 20. Nh2 d5 21. Ne2 dxe4 22.
dxe4 Qe7 23. Ng3 Rfd8 24. Nh5 Bf6 25. Bc3 Bh8 26. Qe3 f6 27. Rbd1 Rxd1 28. Rxd1
Rd8 29. Ra1 Bc8 30. Nf3 Nxf3+ 31. Qxf3 Kg8 32. Qe3 1/2-1/2

[Event "ODJM B 2018"]
[Site "Willingen GER"]
[Date "2018.05.23"]
[Round "5"]
[White "Raasch, Hauke"]
[Black "Fuchs, Florian"]
[Result "1/2-1/2"]
[Termination "normal"]
[Board "30"]
[WhiteElo "1555"]
[BlackElo "1661"]
[PlyCount "41"]
[WhiteFideId "16210034"]
[BlackFideId "16213351"]
[EventCountry "GER"]
[EventRounds "9"]
[EventType "swiss"]
[EventDate "2018.05.19"]

1. c4 e5 2. Nc3 d6 3. g3 f5 4. d3 Nf6 5. Bg2 Be7 6. Bd2 c6 7. a3 O-O 8. b4 a6
9. b5 axb5 10. cxb5 d5 11. a4 Be6 12. e3 Nbd7 13. Nge2 Nc5 14. d4 Nd3+ 15. Kf1
Ng4 16. Be1 Nb2 17. Qc1 Nc4 18. Kg1 Bg5 19. f4 exf4 20. exf4 Bf6 21. Bf2
1/2-1/2

[Event "ODJM B 2018"]
[Site "Willingen GER"]
[Date "2018.05.23"]
[Round "5"]
[White "Ewerhardy, Moritz"]
[Black "von Rosen, Jakob"]
[Result "0-1"]
[Termination "normal"]
[Board "32"]
[WhiteElo "1348"]
[BlackElo "1700"]
[PlyCount "88"]
[WhiteFideId "36052086"]
[BlackFideId "12982989"]
[EventCountry "GER"]
[EventRounds "9"]
[EventType "swiss"]
[EventDate "2018.05.19"]

1. d4 Nf6 2. c4 c5 3. dxc5 e6 4. Nc3 Bxc5 5. Nf3 O-O 6. a3 a5 7. b3 Nc6 8. e3
d5 9. cxd5 exd5 10. Nb5 Re8 11. Be2 Bf5 12. Bb2 Ne4 13. Nbd4 Nxd4 14. Nxd4 Bg6
15. O-O Rc8 16. Rc1 Qe7 17. Qe1 Bb6 18. Bf3 Nc5 19. Qd2 Be4 20. Bg4 Rc7 21. Nb5
Rc6 22. Nd4 Rg6 23. f3 Bxf3 24. Bxf3 Nxb3 25. Qd3 Nxc1 26. Bxc1 Qe5 27. Rf2
Bxd4 28. Qxd4 Qxd4 29. exd4 Rb6 30. Rf1 Rd6 31. Bf4 Rd7 32. Bd1 b5 33. Bd2 Ra7
34. Bf3 Rd8 35. Bg4 g6 36. Bg5 Rb8 37. Bf4 Rb6 38. Rb1 b4 39. axb4 Rxb4 40.
Rxb4 axb4 41. Bd2 b3 42. Bc3 Rc7 43. Bb2 Rc2 44. Ba3 Ra2 0-1

[Event "ODJM B 2018"]
[Site "Willingen GER"]
[Date "2018.05.23"]
[Round "5"]
[White "von Jan, Lena"]
[Black "Hungeling, David"]
[Result "1/2-1/2"]
[Termination "normal"]
[Board "33"]
[WhiteElo "1480"]
[BlackElo "1442"]
[PlyCount "137"]
[WhiteFideId "12946060"]
[BlackFideId "16222440"]
[EventCountry "GER"]
[EventRounds "9"]
[EventType "swiss"]
[EventDate "2018.05.19"]

1. e4 e6 2. d4 d5 3. exd5 exd5 4. Bd3 Bd6 5. Ne2 c6 6. c3 Qc7 7. h3 Be6 8. Be3
Nf6 9. Nd2 Nbd7 10. Nf3 Nh5 11. Qd2 h6 12. g4 Nhf6 13. Bf4 Nf8 14. Bxd6 Qxd6
15. Qf4 Qxf4 16. Nxf4 Bd7 17. Ne5 Bc8 18. O-O-O Ne6 19. Ne2 Nd7 20. Nxd7 Bxd7
21. f4 O-O-O 22. Rhf1 f6 23. Rde1 h5 24. f5 Ng5 25. Rh1 Rde8 26. Nf4 hxg4 27.
hxg4 Rxe1+ 28. Rxe1 Rh4 29. Be2 Bxf5 30. gxf5 Rxf4 31. Rf1 Nh3 32. Rxf4 Nxf4
33. Bf1 g6 34. fxg6 Nxg6 35. Kd2 Kd7 36. Bh3+ Kd6 37. Ke3 c5 38. Bf5 Ne7 39.
Bh3 b5 40. dxc5+ Kxc5 41. Bd7 a5 42. Bh3 Ng6 43. Bf5 Ne7 44. Bh3 Nc6 45. Kf4 d4
46. cxd4+ Nxd4 47. Ke4 a4 48. Bd7 Kc4 49. Bh3 f5+ 50. Ke3 Nc2+ 51. Kf4 Nb4 52.
Bxf5 Nd3+ 53. Ke3 Nxb2 54. Kd2 Kb4 55. Bd7 Nc4+ 56. Kc2 Ne3+ 57. Kc1 Nd5 58.
a3+ Kc5 59. Kb2 Nf6 60. Bh3 Kd4 61. Bf1 Kc5 62. Kc3 Nd5+ 63. Kd3 b4 64. axb4+
Kxb4 65. Kd2 a3 66. Kc1 Kb3 67. Kb1 a2+ 68. Ka1 Nb4 69. Bd3 1/2-1/2

[Event "ODJM B 2018"]
[Site "Willingen GER"]
[Date "2018.05.23"]
[Round "5"]
[White "Zell, Hannah"]
[Black "Borgmann, Simon"]
[Result "1/2-1/2"]
[Termination "normal"]
[Board "34"]
[WhiteElo "1547"]
[BlackElo "1614"]
[PlyCount "63"]
[WhiteFideId "16208900"]
[BlackFideId "16234677"]
[EventCountry "GER"]
[EventRounds "9"]
[EventType "swiss"]
[EventDate "2018.05.19"]

1. e4 d6 2. d4 g6 3. Nf3 Bg7 4. c3 Nd7 5. Be2 e6 6. Nbd2 b6 7. O-O Bb7 8. Re1
Ne7 9. Bd3 c5 10. Nf1 O-O 11. Ng3 Re8 12. Bc2 Qc7 13. Be3 d5 14. e5 Nf5 15.
Nxf5 exf5 16. Qd2 c4 17. Bf4 Qc6 18. Re2 Nf8 19. Rae1 Ne6 20. Bh6 Bh8 21. Ng5
21... Bg7 {(=)} 22. Nxe6 fxe6 23. Bxg7 Kxg7 24. Re3 Rh8 25. Bd1 Raf8 26. Rg3
Qe8 27. h4 Kf7 28. Qg5 28... Qe7 {(=)} 29. h5 Qxg5 30. Rxg5 Rfg8 31. hxg6+ hxg6
32. Rg3 1/2-1/2

[Event "ODJM B 2018"]
[Site "Willingen GER"]
[Date "2018.05.23"]
[Round "5"]
[White "Schilay, Maria"]
[Black "Kublanov, Elizabeth"]
[Result "0-1"]
[Termination "normal"]
[Board "36"]
[WhiteElo "1354"]
[BlackElo "1579"]
[PlyCount "130"]
[WhiteFideId "12942979"]
[BlackFideId "12944564"]
[EventCountry "GER"]
[EventRounds "9"]
[EventType "swiss"]
[EventDate "2018.05.19"]

1. e4 d5 2. exd5 Nf6 3. Nc3 Nxd5 4. Bc4 Nb6 5. Bb3 Bf5 6. Nf3 e6 7. d3 Bd6 8.
Be3 N8d7 9. Qd2 c6 10. h3 Qc7 11. Nh4 O-O-O 12. O-O-O Nc5 13. Nxf5 Nxb3+ 14.
axb3 exf5 15. f4 Bb4 16. Bxb6 Qxb6 17. Kb1 Qa6 18. Rhe1 Rd5 19. Re5 Rhd8 20.
Rde1 f6 21. Rxd5 Rxd5 22. Qe3 Rd8 23. Qe6+ Kc7 24. Qc4 Qxc4 25. bxc4 Bxc3 26.
bxc3 Rd7 27. Kb2 g5 28. Rf1 g4 29. hxg4 fxg4 30. g3 Re7 31. Rh1 Kd6 32. Kc1 a5
33. Kd2 b6 34. Rh4 Rg7 35. Kc1 Ke6 36. Rh5 Kf7 37. d4 Kg6 38. Rh1 Re7 39. Kd2
Rd7 40. Kd3 f5 41. Re1 Kf6 42. Kd2 h5 43. Rh1 Rh7 44. Rh4 a4 45. Kc1 Kg6 46.
Kb2 Re7 47. Rh1 Re3 48. Rg1 a3+ 49. Kxa3 Rxc3+ 50. Kb4 Rxc2 51. d5 cxd5 52.
cxd5 Rd2 53. Kb5 Rxd5+ 54. Kxb6 Rd3 55. Kc5 h4 56. gxh4 Kh5 57. Kc4 Rf3 58. Kd4
Rxf4+ 59. Ke3 Rf3+ 60. Ke2 Kxh4 61. Rh1+ Rh3 62. Rf1 Kg5 63. Kf2 Rf3+ 64. Kg2
Rxf1 65. Kxf1 Kh4 0-1

[Event "ODJM B 2018"]
[Site "Willingen GER"]
[Date "2018.05.23"]
[Round "5"]
[White "Bock, Marlon"]
[Black "Frank, Carolin"]
[Result "1/2-1/2"]
[Termination "normal"]
[Board "37"]
[WhiteElo "1346"]
[BlackElo "1556"]
[PlyCount "79"]
[WhiteFideId "16244931"]
[BlackFideId "16207190"]
[EventCountry "GER"]
[EventRounds "9"]
[EventType "swiss"]
[EventDate "2018.05.19"]

1. c4 Nf6 2. g3 g6 3. Bg2 Bg7 4. Nc3 O-O 5. Nf3 d6 6. O-O e5 7. d3 Nc6 8. a3
Nd4 9. e3 Ne6 10. Rb1 a5 11. b4 axb4 12. axb4 Nh5 13. Nd2 f5 14. Qb3 f4 15.
Nde4 f3 16. Bh1 Ng5 17. Nxg5 Qxg5 18. c5+ Kh8 19. Ne4 Qe7 20. cxd6 cxd6 21. Ba3
Be6 22. Qb2 d5 23. Nc5 e4 24. d4 Nf6 25. b5 Bh3 26. Rfc1 Rxa3 27. Qxa3 b6 28.
Qc3 bxc5 29. Qxc5 Qf7 30. b6 Nd7 31. Qc7 Nb8 32. Ra1 Bxd4 33. Qxf7 Rxf7 34.
exd4 e3 35. Ra7 Rf8 36. Rcc7 Nd7 37. b7 e2 38. Rc1 Re8 39. Ra8 Nb8 40. Re1
1/2-1/2

[Event "ODJM B 2018"]
[Site "Willingen GER"]
[Date "2018.05.23"]
[Round "5"]
[White "von der Weyden, Louis"]
[Black "Kolb, Tobias"]
[Result "1/2-1/2"]
[Termination "normal"]
[Board "38"]
[WhiteElo "1504"]
[BlackElo "1740"]
[PlyCount "96"]
[WhiteFideId "16207050"]
[BlackFideId "12992321"]
[EventCountry "GER"]
[EventRounds "9"]
[EventType "swiss"]
[EventDate "2018.05.19"]

1. c4 c6 2. e4 d5 3. cxd5 cxd5 4. exd5 Nf6 5. Bb5+ Bd7 6. Bc4 b5 7. Bb3 Na6 8.
d4 Nc7 9. h3 Ncxd5 10. Nc3 Nxc3 11. bxc3 Rc8 12. Bb2 Bc6 13. Nf3 e6 14. O-O Bd6
15. Re1 O-O 16. Ne5 Bd5 17. Rc1 Bc4 18. Bxc4 bxc4 19. Qa4 Qc7 20. Ba3 Rfd8 21.
Rb1 Nd5 22. Bxd6 Rxd6 23. Rec1 Rb6 24. Rb5 Rxb5 25. Qxb5 f6 26. Qd7 Qxd7 27.
Nxd7 Kf7 28. Nc5 Rb8 29. Rc2 Rb1+ 30. Kh2 Ke7 31. Re2 Rb6 32. Rc2 Kd6 33. Re2
Ke7 34. Rc2 Kd6 35. Re2 e5 36. Ne4+ Kc6 37. dxe5 fxe5 38. Rd2 Rb7 39. g3 Rb1
40. Rc2 Re1 41. Nd2 Re2 42. Kg1 Re1+ 43. Kg2 Kc5 44. Kf3 Rd1 45. Ke2 Rh1 46. h4
h6 47. Ne4+ Kc6 48. Kf3 Re1 1/2-1/2

[Event "ODJM B 2018"]
[Site "Willingen GER"]
[Date "2018.05.23"]
[Round "5"]
[White "Schelhorn, Paul"]
[Black "Peglau, Sarah"]
[Result "0-1"]
[Termination "normal"]
[Board "39"]
[WhiteElo "1759"]
[BlackElo "1315"]
[PlyCount "128"]
[WhiteFideId "12964077"]
[BlackFideId "16219961"]
[EventCountry "GER"]
[EventRounds "9"]
[EventType "swiss"]
[EventDate "2018.05.19"]

1. d4 e6 2. c4 d5 3. Nc3 Nf6 4. Bg5 Be7 5. Nf3 O-O 6. e3 Nbd7 7. Qc2 a6 8. a3
h6 9. Bh4 dxc4 10. Bxc4 b5 11. Bd3 c5 12. Bxf6 Bxf6 13. Ne2 Bb7 14. dxc5 Bxf3
15. gxf3 Rc8 16. c6 Qb6 17. Rc1 Ne5 18. Be4 Rfd8 19. Rg1 Nc4 20. b4 Rd2 21.
Qxd2 Nxd2 22. Kxd2 Bb2 23. Rb1 Bxa3 24. Kc2 a5 25. bxa5 Qxa5 26. Nd4 Qa4+ 27.
Rb3 Qc4+ 28. Rc3 Qa2+ 29. Kd3 Bb2 30. Rc2 f5 31. c7 fxe4+ 32. fxe4 Qa3+ 33. Ke2
Bxd4 34. exd4 Qd6 35. Rgc1 Qxd4 36. Rd2 Qxe4+ 37. Kf1 Qh1+ 38. Ke2 Qxc1 39.
Rd8+ Kh7 40. Rxc8 b4 41. Rb8 Qxc7 42. Rxb4 Qxh2 43. Rb5 h5 44. Rc5 Qh4 45. Rc7
Qe4+ 46. Kf1 h4 47. Rc5 Qf3 48. Kg1 h3 49. Rg5 Kh6 50. Rg3 Qf5 51. Kh1 g5 52.
Kg1 g4 53. Kh1 e5 54. Kg1 e4 55. Kh1 Kg5 56. Kg1 Kh4 57. Kh1 Qf3+ 58. Kh2 Qxf2+
59. Kh1 Qf3+ 60. Kg1 Qxg3+ 61. Kf1 h2 62. Ke2 h1=R 63. Kd2 Rh2+ 64. Kd1 Qg1#
0-1

[Event "ODJM B 2018"]
[Site "Willingen GER"]
[Date "2018.05.23"]
[Round "5"]
[White "Kistner, Sinan"]
[Black "Rothenberg, Nina"]
[Result "0-1"]
[Termination "normal"]
[Board "40"]
[WhiteElo "1552"]
[BlackElo "1678"]
[PlyCount "130"]
[WhiteFideId "16219643"]
[BlackFideId "16208943"]
[EventCountry "GER"]
[EventRounds "9"]
[EventType "swiss"]
[EventDate "2018.05.19"]

1. c4 c6 2. d4 d5 3. e3 e6 4. Nf3 Nf6 5. Nc3 Nbd7 6. cxd5 exd5 7. Be2 Bd6 8.
O-O O-O 9. b3 Ne4 10. Qc2 f5 11. Nd2 Qh4 12. f4 Ndf6 13. Nf3 Qh6 14. Nxe4 fxe4
15. Ne5 g5 16. Qd1 Qg7 17. Bd2 gxf4 18. exf4 Bh3 19. Rf2 e3 20. Bxe3 Ne4 21.
Bf3 Nxf2 22. Kxf2 Bf5 23. g4 Bd7 24. Qe2 Kh8 25. Rg1 Rae8 26. Rg3 Rf6 27. Rh3
c5 28. dxc5 Bxe5 29. fxe5 Rxe5 30. Qd1 Bxg4 31. Rg3 Ref5 32. Bd4 Rxf3+ 33. Rxf3
Rxf3+ 34. Qxf3 Qxd4+ 35. Qe3 Qxe3+ 36. Kxe3 Kg7 37. Kd4 Bf3 38. b4 Kf7 39. b5
Ke6 40. a4 a6 41. c6 Kd6 42. cxb7 Kc7 43. bxa6 Be2 44. Kxd5 Bxa6 45. Ke5 Kxb7
46. Kf6 Bd3 47. Kg5 Ka6 48. h4 Ka5 49. h5 Kxa4 50. h6 Kb5 51. Kf6 Kc4 52. Ke5
Kc5 53. Ke6 Kd4 54. Kf6 Kd5 55. Kf7 Ke5 56. Kg7 Kf4 57. Kf6 Kg4 58. Kf7 Kg5 59.
Kg7 Kh5 60. Kf7 Kxh6 61. Kf6 Kh5 62. Ke5 Kg4 63. Kd4 Ba6 64. Ke3 Kg3 65. Kd2 h5
0-1

[Event "ODJM B 2018"]
[Site "Willingen GER"]
[Date "2018.05.23"]
[Round "5"]
[White "Lilienthal, Niels Bennett"]
[Black "Pflugradt, Natalie"]
[Result "1/2-1/2"]
[Termination "normal"]
[Board "41"]
[WhiteElo "1723"]
[BlackElo "1431"]
[PlyCount "60"]
[WhiteFideId "16205421"]
[BlackFideId "16212444"]
[EventCountry "GER"]
[EventRounds "9"]
[EventType "swiss"]
[EventDate "2018.05.19"]

1. Nf3 Nf6 2. g3 b6 3. Bg2 Bb7 4. O-O e6 5. c4 c5 6. b3 Be7 7. Bb2 O-O 8. e3
Na6 9. Nc3 Nc7 10. d4 Ne4 11. Qc2 f5 12. Rad1 Ne8 13. d5 exd5 14. Nxd5 Nc7 15.
Nd2 Bxd5 16. cxd5 Nd6 17. Nc4 Rb8 18. Be5 Nxc4 19. Qxc4 d6 20. Ba1 Bf6 21. Bxf6
Qxf6 22. Qd3 Rbe8 23. Rfe1 Re7 24. Re2 g6 25. Rde1 Rfe8 26. f4 Rf8 27. e4 fxe4
28. Rxe4 Rxe4 29. Bxe4 Re8 30. Kf2 Kg7 1/2-1/2

[Event "ODJM B 2018"]
[Site "Willingen GER"]
[Date "2018.05.23"]
[Round "5"]
[White "Plum, Paul"]
[Black "Henzgen, Nick"]
[Result "1/2-1/2"]
[Termination "normal"]
[Board "42"]
[WhiteElo "1601"]
[BlackElo "1633"]
[PlyCount "117"]
[WhiteFideId "16225678"]
[BlackFideId "16212347"]
[EventCountry "GER"]
[EventRounds "9"]
[EventType "swiss"]
[EventDate "2018.05.19"]

1. Nf3 Nf6 2. d4 d5 3. c4 e6 4. cxd5 exd5 5. Bf4 Bf5 6. e3 Be7 7. Nc3 c6 8. Bd3
Bg6 9. Bxg6 hxg6 10. Qb3 Qb6 11. O-O Qxb3 12. axb3 O-O 13. Rfe1 Nbd7 14. e4
dxe4 15. Nxe4 Bb4 16. Nxf6+ Nxf6 17. Re2 Nd5 18. Bg3 a6 19. Nd2 Rfe8 20. Rae1
Kf8 21. Rxe8+ Rxe8 22. Rxe8+ Kxe8 23. Nc4 Ke7 24. Kf1 f6 25. Ke2 Ke6 26. Kd3 g5
27. Na3 f5 28. Be5 g6 29. g3 a5 30. Nc4 b5 31. Nd2 g4 32. Nb1 Bd6 33. Bxd6 Kxd6
34. Nd2 g5 35. f3 Nf6 36. fxg4 Nxg4 37. h4 gxh4 38. gxh4 Nf6 39. Nf3 Kd5 40.
Ng5 f4 41. Nf3 Ng4 42. h5 Ke6 43. Ke4 Nf6+ 44. Kxf4 Nxh5+ 45. Ke3 Kd5 46. Ne5
Ng3 47. Kd3 Nf5 48. Nf3 b4 49. Nd2 Nxd4 50. Ke3 c5 51. Kd3 Kc6 52. Kc4 Nf5 53.
Kd3 Kb5 54. Ne4 Kc6 55. Nd2 Nd6 56. Nf3 Kb5 57. Nd2 a4 58. bxa4+ Kxa4 59. Nc4
1/2-1/2